000 00480nam a2200193Ia 4500
005 20250522104154.0
008 008 250516s9999 xx 000 0 eng d
020 _a9781786892720
040 _aSDCL
_beng
_cSDCL
041 _aeng
_2eng
084 _aO-,3N75, R0 LR
_qSDCL
100 _aHaig, Matt
245 4 _aThe Midnight Library
260 _aEdinburgh:
_bCanongate Books,
_c2020.
300 _a288p.
365 _aINR
_b599
650 _aReference
942 _cTEXL
999 _c1429419
_d1429419